书目信息 |
| 题名: |
大学英语写作
|
|
| 作者: | 韩玉书 编著 | |
| 分册: | ||
| 出版信息: | 上海 上海外语教育出版社 1996 |
|
| 页数: | 232页 | |
| 开本: | 22cm | |
| 丛书名: | ||
| 单 册: | ||
| 中图分类: | H317 | |
| 科图分类: | ||
| 主题词: | 英语 | |
| 电子资源: | ||
| ISBN: | 7-81009-705-11 | |
| 000 | 00564nam0 2200193 450 | |
| 001 | 0755227312 | |
| 005 | 20070828152027.31 | |
| 010 | @a7-81009-705-11@d¥6.00 | |
| 100 | @a20070828d km y0chiy0120 ea | |
| 101 | 0 | @achi |
| 200 | 1 | @a大学英语写作@Ada xue ying yu xie zuo@e4-6级适用@f韩玉书 编著@Fhan yu shu bian zhu |
| 210 | @a上海@c上海外语教育出版社@d1996 | |
| 215 | @a232页@d22cm | |
| 517 | 1 | @a4-6级适用@A4-6 ji shi yong |
| 606 | 0 | @a英语 |
| 690 | @aH317@v3 | |
| 701 | 0 | @a韩玉书@Ahan yu shu@4编著 |
| 801 | 0 | @aCN@bPFT@c20070828 |
| 905 | @a213230@dH317@eW43@f1 | |
| 大学英语写作:4-6级适用/韩玉书 编著.-上海:上海外语教育出版社,1996 |
| 232页;22cm |
| ISBN 7-81009-705-11:¥6.00 |
| ● |
| 相关链接 |
|
|
|
|
正题名:大学英语写作
索取号:H317/W43
 
预约/预借
| 序号 | 登录号 | 条形码 | 馆藏地/架位号 | 状态 | 备注 |
| 1 | 0703327 | 207033271 | 密集书库—外国语学院/ [索取号:H317/W43] | 在馆 |